000 00587nam a2200181 a 4500
001 000041213
005 20201002034719.0
008 130926s2005 dr a 000 0 spa d
020 _a9789945130034
040 _aDO-SdBNP
_bspa
_cBNPHU
082 _axxxx
_bxxxx
100 1 _aCollado Anico, Aulio José,
_d1947-
_967787
245 1 3 _aEl fui de los viejos /
_cAulio José Collado Anico ; prólogo Fausto Váldez.
260 _aSanto Domingo, :
_bMediabyte,
_c2005.
300 _a333 p. :
_bil. ;
_c24 cm.
504 _aBibliografías : p. 325-333
700 1 _aVáldez, Fausto
_epról.
_967788
999 _c40703
_d40703